000 00448nam a2200145Ia 4500
008 100204s9999 xx 000 0 und d
082 _b1240
100 _aभागवत लीलावती
245 _aरेशीमबंध
260 _b"इंद्र्रायणी साहित्य , पुणे"
_c1979
300 _a86
630 _aरेशीमबंध
730 _aरेशीमबंध
942 _cBOOK
999 _c446407
_d446404